Statistics for Africa Capitals Quiz

Click here to take the quiz!

General Stats

  • This quiz has been taken 266,979 times
    (118,232 since last reset)
  • The average score is 32 of 57

Answer Stats

CountryCapital% Correct
EgyptCairo
92%
AlgeriaAlgiers
90%
KenyaNairobi
82%
TunisiaTunis
80%
EthiopiaAddis Ababa
78%
South Africa (legislative)Cape Town
78%
DjiboutiDjibouti
78%
LibyaTripoli
76%
MoroccoRabat
76%
South Africa (executive)Pretoria
74%
Congo (Dem. Rep.)Kinshasa
70%
AngolaLuanda
70%
GhanaAccra
67%
SomaliaMogadishu
65%
Sierra LeoneFreetown
65%
SenegalDakar
65%
Guinea-BissauBissau
64%
Congo (Rep.)Brazzaville
64%
SudanKhartoum
63%
NigeriaAbuja
63%
São Tomé and PríncipeSão Tomé
60%
ZimbabweHarare
60%
NamibiaWindhoek
59%
MadagascarAntananarivo
57%
LiberiaMonrovia
56%
UgandaKampala
55%
South SudanJuba
55%
Burkina FasoOuagadougou
54%
GabonLibreville
53%
SeychellesVictoria
53%
RwandaKigali
53%
BotswanaGaborone
52%
CameroonYaoundé
51%
ChadN'Djamena
50%
MozambiqueMaputo
49%
Benin (official)Porto-Novo
48%
ZambiaLusaka
48%
EritreaAsmara
48%
TogoLome
47%
NigerNiamey
46%
MaliBamako
46%
South Africa (judicial)Bloemfontein
46%
GuineaConakry
45%
Cape VerdePraia
45%
TanzaniaDodoma
45%
Central African
Republic
Bangui
44%
MalawiLilongwe
44%
MauritiusPort Louis
43%
GambiaBanjul
43%
ComorosMoroni
41%
EswatiniMbabane
40%
Ivory CoastYamoussoukro
39%
MauritaniaNouakchott
38%
LesothoMaseru
37%
Equatorial GuineaMalabo
36%
BurundiGitega
30%
Benin (de facto)Cotonou
23%

Score Distribution

Percentile by Number Answered

Percent of People with Each Score

Your Score History

You have not taken this quiz since the last reset